000 00786nam a2200229 a 4500
999 _c10713
_d10713
001 10713
003 BD-JhCC
005 20180811184023.0
008 180811s20181977bg |||| |||| 00| 0 ben d
020 _a9789844080652
035 _a(BD-JhCC)10713
040 _aBD-JhCC
_dBD-JhCC
041 _aben
082 _a891.4415
_bSOF 2018
100 _aছফা, আহমদ
245 _aএকটি প্রবীণ বটের কাছে প্রার্থনা /
_cআহমদ ছফা,
260 _aঢাকা :
_bখান ব্রাদার্স অ্যান্ড কোম্পানি,
_c২০১৮.
300 _a৩২ পৃ. :
_c২১ সেমি.
650 _aবাংলা কবিতা
650 _aBengali Poetry
942 _2ddc
_cBK